Welcome to the Holygrace Academy Library

Please use search bar below to get started

THE VALKYRIES (Record no. 2318)

MARC details
000 -LEADER
fixed length control field 00604nam a22001457a 4500
020 ## - INTERNATIONAL STANDARD BOOK NUMBER
ISBN 81-7223-540-2
082 ## - DEWEY DECIMAL CLASSIFICATION NUMBER
Classification number 823
Item number COE/V
100 ## - MAIN ENTRY--AUTHOR NAME
Personal name COELHO, PAULO
245 ## - TITLE STATEMENT
Title THE VALKYRIES
260 ## - PUBLICATION, DISTRIBUTION, ETC. (IMPRINT)
Place of publication UK
Name of publisher HARPER COLLINS
300 ## - PHYSICAL DESCRIPTION
Number of Pages 245
520 ## - SUMMARY, ETC.
Summary, etc The Valkyries is an autobiographical tale of Paulo Coelho's journey to the Mojave Desert to meet the legendary group The Valkyries, told in a third person. It is a story about the author's spiritual journey to try and eliminate the negativity of his own past while following the voice of his spiritual leader.
650 ## - SUBJECT ADDED ENTRY--TOPICAL TERM
Topical Term NOVEL ENGLISH
Geographic subdivision UK
942 ## - ADDED ENTRY ELEMENTS (KOHA)
Koha item type Books
Holdings
Withdrawn status Lost status Collection code Home library Current library Shelving location Date acquired Source of acquisition Full call number Accession Number Koha item type
  Missing Fiction Main Library Main Library SHELF-2-D ENGLIAH NOVELS FOR TEACHERS 15/06/2009 PURCHASE 823 COE/V 04862 Books